| 000 | 00561nam a2200169 4500 | ||
|---|---|---|---|
| 001 | 112035 | ||
| 003 | ES-MaACL | ||
| 005 | 20230906185418.0 | ||
| 007 | t| | ||
| 008 | 061121s1909 sp r ||||1| spa d | ||
| 100 | 1 |
_aNavarro Fernández, Antonio. _985125 |
|
| 245 | 1 | 3 |
_aLa prostitución en la Villa de Madrid / _cpor el Dr. Antonio Navarro Fernández ; con un prólogo de D. Rafael Salillas. |
| 260 |
_aMadrid : _bRicardo Rojas, _c1909. |
||
| 300 |
_aXV, 296 p. ; _c24 cm. |
||
| 700 | 1 |
_aSalillas, Rafael. _9101925 |
|
| 852 |
_aES-MaACL _jR-1914. Olim: D-140. |
||
| 999 |
_c112035 _d112035 |
||